|
|
|
|
| LEADER |
00000ncm a2200000 a 4500 |
| 001 |
vtls001466737 |
| 003 |
SK-MaSNL |
| 005 |
20260301095748.0 |
| 008 |
160624s2003 xo zy 0 lat |
| 015 |
|
|
|a SNBH2004/04-01837
|
| 020 |
|
|
|a 808055854X
|
| 035 |
|
|
|a SNK000422042
|
| 040 |
|
|
|a SNK
|b slo
|c SNK
|e AACR2
|
| 041 |
0 |
|
|a lat
|
| 043 |
|
|
|a e-xo---
|
| 044 |
|
|
|a xo
|c SK
|
| 072 |
|
7 |
|a 78.07
|x Hudobníci, skladatelia a iné hudobné povolania
|2 konspekt
|
| 072 |
|
7 |
|a 784
|2 konspekt
|
| 080 |
|
|
|a 78.071.1
|2 1981
|
| 080 |
|
|
|a 78.087.68
|2 1981
|
| 080 |
|
|
|a 784
|2 1981
|
| 080 |
|
|
|a (082)
|2 1981
|
| 080 |
|
|
|a 784.1
|2 2. slo
|
| 245 |
1 |
|
|a Súčasná zborová tvorba slovenských skladateľov
|h hudobnina
|c Mirko Krajči ... [et al.] ; editor Ľudmila Červená
|
| 246 |
1 |
0 |
|a Contemporaly choral works by slovak composers
|
| 250 |
|
|
|a 1. vyd.
|
| 260 |
|
|
|a V Banskej Bystrici
|b Fakulta humanitných vied Univerzity Mateja Bela
|c 2003
|
| 300 |
|
|
|a 82 s.
|c 29 cm
|
| 500 |
|
|
|a Súbež. názov, úvod a profily autorov v angl.
|
| 500 |
|
|
|a 250 výt.
|
| 650 |
0 |
7 |
|a zborová tvorba
|x vokálna hudba
|x zbory
|2 SNK
|9 431608
|
| 650 |
0 |
7 |
|a vokálna hudba
|x zbory
|2 SNK
|9 431609
|
| 650 |
0 |
7 |
|a zborová tvorba
|2 SNK
|9 68715
|
| 650 |
0 |
7 |
|a hudobní skladatelia
|2 SNK
|9 3188
|
| 650 |
0 |
7 |
|a vokálna hudba
|2 konspekt
|9 3442
|
| 655 |
|
7 |
|a HHU
|2 SNK
|9 283804
|
| 655 |
|
7 |
|a zbierky
|2 SNK
|9 70533
|
| 655 |
|
7 |
|a zborníky
|2 SNK
|9 70165
|
| 700 |
1 |
|
|a Krajči, Mirko,
|d 1968-
|4 skl
|9 39665
|
| 700 |
1 |
|
|a Piaček, Marek,
|d 1972-
|4 skl
|9 106888
|
| 700 |
1 |
|
|a Borzík, Lukáš,
|d 1979-
|4 skl
|9 228433
|
| 700 |
1 |
|
|a Miklušáková, Zuzana
|4 skl
|9 431610
|
| 700 |
1 |
|
|a Iršai, Jevgenij,
|d 1951-
|4 skl
|9 106876
|
| 700 |
1 |
|
|a Červená, Ľudmila,
|d 1952-
|4 edi
|9 122681
|
| 700 |
1 |
|
|a Špilák, Peter,
|d 1979-
|4 skl
|9 317954
|
| 919 |
|
|
|a 80-8055-854-X
|
| 924 |
|
|
|a zbory
|
| 999 |
|
|
|c 684049
|d 685979
|
| 952 |
|
|
|t P60, <03>, [BOOK], {603}
|a SNK
|b SNK
|y PREZ
|7 0
|p 17A0411457
|o snkHSB 3725
|i snkKSP 847/2004
|0 0
|1 0
|4 0
|d 2004-01-21
|l 0
|r 2005-01-02 00:00:00
|w 2026-02-23
|
| 952 |
|
|
|t P60, <04>, [BOOK], {604}
|a SNK
|b SNK
|y VYP
|7 0
|p 17A0411458
|o snkHSB 3725 D1
|i snkKSP 848/2004
|0 0
|1 0
|4 0
|d 2004-01-21
|l 0
|r 2005-01-02 00:00:00
|w 2026-02-23
|